000 00829nam a2200193Ii 4500
003 JO-AjNU
008 230605s9999||||xx |||||||||||||| ||und||
040 _aJO-AjNU
_bara
_erda
_cJO-AjNU
041 _aara
050 1 4 _aNA380.T85 1979
100 3 _aطوقان، فواز أحمد,
_eauthor
_956730
245 0 0 _aالحائر : بحث في القصور الأموية في البادية
264 3 1 _aعمان: وزارة الثقافة والشباب، 1979
300 _a603ص
_bالمصادر والمراجع ص 463-512 ؛ الكشاف العام ص513-551 ؛ المخططات والخرائط والصور ص 555-603
336 _atext
_btxt
_2rdacontent
337 _aunmediated
_bn
_2rdamedia
338 _avolume
_bnc
_2rdacarrier
650 4 _aالعمارة الاسلامية- الاثار الاسلامية
_956731
999 _aA25381
_c28949
_d28949